Well Known NBA Players in 2026 Season - Statistics

General Stats
  • This quiz has been taken 78 times
  • The average score is 13 of 15
Answer Stats
Team Player % Correct
Spurs Victor Wembanyama
99%
Celtics Jaylen Brown
94%
Knicks Jaylen Brunson
94%
Bucks Giannis Antetokounmpo
93%
Thunder Shai Gilgeous Alexander
93%
76ers Tyrese Maxey
93%
Nuggets Jamal Murray
90%
Nuggets Nikola Jokic
90%
Thunder Chet Holmgren
89%
Cavs Donovan Mitchell
89%
Tunder Jalen Williams
89%
Spurs Stefon Castle
89%
Cavs Harden
85%
Rockets Alpren Sengun
82%
Knicks Karl Anthony Towns
64%
No matching quizzes found
Score Distribution
Percent of People with Each Score
Percentile by Number Answered
Your Score History
You have not taken this quiz